02608nam a2200481 i 450000100060000000300080000600500170001400600190003100700150005000800410006502000280010603500220013404000310015605000110018708000080019808200150020610000470022124501840026826401370045230000580058933600310064733700330067833800430071149000200075450400530077450505180082758800830134559001620142865000600159065000270165065000320167765000580170965000390176765000330180665000350183965500270187470000540190170000520195579700180200783000210202585600630204699900170210949310FlNmELB20241216232023.0m o d | cr cnu||||||||210623s2013 ck a fob 001 0 spa d a9789587613735q(e-book) a(OCoLC)1261028275 aFINmELBbspaerdacFINmELB 4aLB2331 a37804a378.122231 aCórtes Cárdenas, Ligia,d1962-eautor.10aCompetencias del profesor de lenguas extranjeras :bcreencias en la comunidad educativa /cLigia Córtes Cárdenas, Melba Libia Cárdenas Beltrán, María Claudia Nieto Cruz. 1aBogotá :bUniversidad Nacional de Colombia. Vicerrectoria de Investigación. Dirección de Investigación Sede Bogotá,c2013. a1 recurso en línea (113 páginas) :bilustraciones atextobtxt2rdacontent/spa acomputadorabc2rdamedia/spa arecurso en líneabcr2rdacarrier/spa1 aColección DIB aIncluye referencias bibliográficas e índice.0 a1. Punto de partida -- 2. Referentes conceptuales -- 3. El camino recorrido -- 4. Hallazgos -- 5. El profesor de lenguas extranjeras: ¿Un mago? -- Anexo 1. Encuesta a egresados y estudiantes en ejercicio de la carera de filología e idiomas de la universidad nacional de Colombia -- Anexo 2. Encuesta a estudiantes adolescentes y adultos -- Anexo 3. Encuesta a padres de familia -- Anexo 4. Encuesta a directivos docentes -- Anexo 5. Encuesta a niños -- Anexo 6. Protocolo para las entrevistas de grupo focal. aDescripción basada en metadatos suministrados por el editor y otras fuentes. aRecurso electrónico. Santa Fe, Arg.: elibro, 2021. Disponible vía World Wide Web. El acceso puede estar limitado para las bibliotecas afiliadas a elibro. 0aEnglish languagexStudy and teachingxForeign speakers. 0aTeachersxTraining of. 0aCompetency-based education. 4aFormación profesional de maestrosxInvestigaciones. 4aCapacitación docente en idiomas. 4aCompetencias en educación. 4aLenguas modernasxEnseñanza. 4aLibros electrónicos.1 aCárdenas Beltrán, Melba Libia,d1958-eautor.1 aNieto Cruz, María Claudia del Socorro,d1950-2 aelibro, Corp. 0aColección DIB.40uhttps://elibro.net/ereader/politecnicointernacional/127522 c49310d49310